书目信息 |
| 题名: |
暖通空调工程设计方法与系统分析
|
|
| 作者: | 刘光大 , 李念平 , 杨昌智 编 | |
| 分册: | ||
| 出版信息: | 北京 中国建筑工业出版社 2001.07 |
|
| 页数: | 152页 | |
| 开本: | 26cm | |
| 丛书名: | ||
| 单 册: | ||
| 中图分类: | TU83 | |
| 科图分类: | ||
| 主题词: | 房屋建筑设备:空气调节设备 , 房屋建筑设备:采暖设备 , 建筑--通风 , 房屋建筑设备:通风设备 , 建筑--空气调节 | |
| 电子资源: | ||
| ISBN: | 7-112-04623-8 | |
| 000 | 00870nam0 2200265 45 | |
| 001 | 0438372946 | |
| 005 | 20061130165047.26 | |
| 010 | @a7-112-04623-8@dCNY 14.00 | |
| 100 | @a20040427d2001 km y0chiy0120 ea | |
| 101 | 0 | @achi |
| 102 | @aCN@b110000 | |
| 200 | 1 | @a暖通空调工程设计方法与系统分析@Anuan tong kong diao gong cheng she ji fang fa yu xi tong fen xi@f杨昌智,刘光大,李念平编@Fyang chang zhi,liu guang da,li nian ping bian |
| 210 | @a北京@c中国建筑工业出版社@d2001.07 | |
| 215 | @a152页@d26cm | |
| 606 | 0 | @a房屋建筑设备:空气调节设备 |
| 606 | 0 | @a房屋建筑设备:采暖设备 |
| 606 | 0 | @a建筑@x通风 |
| 606 | 0 | @a房屋建筑设备:通风设备 |
| 606 | 0 | @a建筑@x空气调节 |
| 690 | @aTU83@v3 | |
| 701 | 0 | @a刘光大@Aliu guang da@4编 |
| 701 | 0 | @a李念平@Ali nian ping@4编 |
| 701 | 0 | @a杨昌智@Ayang chang zhi@4编 |
| 801 | 0 | @aCN@bPFT@c20061130 |
| 905 | @dTU83@eY150 | |
| 暖通空调工程设计方法与系统分析/杨昌智,刘光大,李念平编.-北京:中国建筑工业出版社,2001.07 |
| 152页;26cm |
| ISBN 7-112-04623-8:CNY 14.00 |
| ● |
| 相关链接 |
|
|
|
正题名:暖通空调工程设计方法与系统分析
索取号:TU83/Y150
 
预约/预借
| 序号 | 登录号 | 条形码 | 馆藏地/架位号 | 状态 | 备注 |
| 1 | 221840 | 202218402 | 能源与建筑环境工程学院资料室/ [索取号:TU83/Y150] | 在馆 | |
| 2 | 221841 | 202218411 | 能源与建筑环境工程学院资料室/ [索取号:TU83/Y150] | 在馆 | |
| 3 | 221842 | 202218420 | 能源与建筑环境工程学院资料室/ [索取号:TU83/Y150] | 在馆 | |
| 4 | 221843 | 202218439 | 能源与建筑环境工程学院资料室/ [索取号:TU83/Y150] | 在馆 | |
| 5 | 221844 | 202218448 | 能源与建筑环境工程学院资料室/ [索取号:TU83/Y150] | 在馆 | |
| 6 | 391887 | 203918877 | 建筑库201/201建筑库 51排3列4层/ [索取号:TU83/Y150] | 在馆 | |
| 7 | 391888 | 203918886 | 建筑库201/201建筑库 51排3列4层/ [索取号:TU83/Y150] | 在馆 | |
| 8 | 391889 | 203918895 | 建筑库201/201建筑库 51排3列4层/ [索取号:TU83/Y150] | 在馆 |